00650nam a2200169 a 450000100060000000300090000600800410001502000150005604000280007108200170009910000310011624500440014726000270019130000100021850502370022865000150046522898CO-ViMGA141112s2004 ck r 000 u spa d a9701511115 aCO-ViMGAbspacCO-ViMGA04a574.192 F8531 aGarrido Pertierra, Armando10aFundamentos de bioquìmica estructural aMéxico : bAlfaomega a442p. aBiomoleculas y organizacion celular, Bioelementos y soluciones reguladores, Aminoacidos : propiedades generales, Clasificacion y propiedades, Enzimologia, Coenzimas reguladoras, Enzimas, Lipidos, Bioenergética, Cadena respiratoria14aBIOQUIMICA